Cite uma Resposta Válida Começando com JETPUNK - Statistics

Estatísticas Gerais
  • Esse quiz foi jogado 124 vezes
    91 desde o último reset
  • A pontuação média é 21 de 32
Estatísticas das Respostas
Hint Resposta % Correto
E Países Egito | El Salvador | Emirados Árabes Unidos | Equador | Eritreia | Escócia | Eslováquia | Eslovênia | Espanha | Estados Unidos | Estônia | Essuatíni | Etiópia ✔ (13)
97%
J Países Jamaica | Japão | Jordânia ✔ (3)
97%
P Países País de Gales | Países Baixos | Palau | Palestina | Panamá | Papua Nova Guiné | Paquistão | Paraguai | Peru | Polônia | Portugal ✔ (11)
96%
N Países Namíbia | Nauru | Nepal | Nicarágua | Níger | Nigéria | Noruega | Nova Zelândia ✔ (8)
96%
U Países Ucrânia | Uganda | Uruguai | Uzbequistão ✔ (4)
94%
T Países Tailândia | Taiwan | Tajiquistão | Tanzânia | Tchéquia (ou República Tcheca) | Timor-Leste | Togo | Tonga | Trinidad e Tobago | Tunísia | Turcomenistão | Turquia | Tuvalu ✔ (13)
93%
E Estados Brasileiros Espírito Santo ✔ (1)
90%
T Estados Brasileiros Tocantins ✔ (1)
90%
P Estados Brasileiros Pará | Paraíba | Paraná | Pernambuco | Piauí ✔ (5)
90%
K Países Kiribati | Kosovo | Kuwait ✔ (3)
87%
J Presidentes do Brasil Júlio Prestes | José Linhares | Juscelino Kubitschek | Jânio Quadros | João Goulart | João Figueiredo | José Sarney | Jair Bolsonaro ✔ (8)
80%
P Capitais dos Estados Brasileiros Palmas | Porto Alegre | Porto Velho ✔ (3)
75%
J Capitais dos Estados Brasileiros João Pessoa ✔ (1)
74%
P Elementos Químicos Paládio | Platina | Plutônio | Polônio | Potássio | Praseodímio | Prata | Promécio | Protactínio ✔ (9)
68%
U Elementos Químicos Urânio ✔ (1)
64%
N Elementos Químicos Neodímio | Neônio | Netúnio | Níquel | Nióbio | Nitrogênio | Nobélio ✔ (7)
64%
T Capitais dos Estados Brasileiros Teresina ✔ (1)
61%
P Capitais do Mundo Palikir | Paramaribo | Paris | Phnom Penh | Pequim | Pyongyang | Podgorica | Porto da Espanha | Port Louis | Port Moresby | Porto Novo | Porto Príncipe | Port Vila | Praga | Praia | Pretória | Pristina ✔ (17)
61%
J Capitais do Mundo Jacarta | Jamena | Jerusalém | Juba ✔ (4)
61%
T Capitais do Mundo Taipé | Tallinn | Tarawa | Tashkent | Teerã | Tegucigalpa | Tbilissi | Thimphu | Tirana | Tóquio | Trípoli | Túnis ✔ (12)
58%
T Elementos Químicos Tálio | Tântalo | Tecnécio | Telúrio | Térbio | Tório | Túlio | Titânio | Tungstênio ✔ (9)
55%
N Capitais dos Estados Brasileiros Natal ✔ (1)
54%
T Presidentes do Brasil Tancredo Neves, Michel Temer ✔ (2)
52%
E Elementos Químicos Einstênio | Enxofre | Érbio | Escândio | Estanho | Estrôncio | Európio ✔ (7)
48%
K Capitais do Mundo Katmandu | Kiev | Kigali | Kingston | Kingstown | Kinshasa | Kotte | Kuala Lumpur ✔ (8)
45%
E Capitais do Mundo Erevã | Escópia | Estocolmo ✔ (3)
43%
N Capitais do Mundo Nairóbi | Nassau | Naypyidaw | Ngerulmud | Niamey | Nicósia | Nouakchott | Nova Délhi | Nuku'alofa | Nuuk ✔ (10)
42%
K Presidentes do Brasil Juscelino Kubitschek ✔ (1)
39%
E Presidentes do Brasil Epitácio Pessoa | Eurico Gaspar Dutra | Emílio Médici | Ernesto Geisel ✔ (4)
32%
U Capitais do Mundo Uagadudu | Ulan Bator ✔ (2)
28%
P Presidentes do Brasil Prudente de Morais | Pedro Aleixo | Júlio Prestes ✔ (3)
22%
N Presidentes do Brasil Nilo Peçanha | Nereu Ramos ✔ (2)
16%
Nenhum quiz correspondente encontrado
Distribuição das Pontuações
Porcentagem de Pessoas com Cada Pontuação
Percentil de Números Respondidos
Sua Pontuação Histórica
Você não jogou esse quiz desde o último reset